000 00536nam a2200193Ia 4500
001 11872
003 GE_BSU
008 181216s||||||||xx |||||||||||||| ||und||
040 _cGE_BSU
245 _aВопросы философии, №8. 2014.
245 _cгл.ред.Пружинин Борис Исаевич и др.
260 _aМосква
260 _bНаука.
260 _c2014
300 _a192стр.24см.
653 _aВопросы философии
653 _aპერიოდიკა
942 _cCR
999 _c45050
_d45050